000 00403 a2200121 4500
001 ART_43595
005 20260410162024.0
008 260409a
245 1 0 _aDeterminants of performance measure choices in worker incentive plans
100 1 _aIttner, Christopher D.
700 1 _aLarcker, David F.
773 0 _tJournal of labor economics
_g- Vol. 20, NÂș 2/2 (abr. 2002)
_wREV43438
999 _c33415
_d33415